00723nam a2200229Ia 4500003000400000005001700004008004100021020001800062040000700080041000800087082001900095100003300114245004800147250000700195260003800202300001800240365001300258906005000271942001200321999001900333952014100352OSt20230502114838.0210423s2013 xx 000 0 und d a9788126537686 cAL aeng a337223b SALD aSALVATORE (Dominick).995915 aInternational economics: trade and finance. a10 aNew DelhibTata McGraw-hillc2013 axxxvi,812bPB b599cINR aeconomics: ; finance. ; International ; trade 2ddccBK c161440d161440 001040708ECOaSACPGbSACPGd2013-08-21eAthulya Booksg599.00l2o337 SALDpPG007923r2025-12-05 08:55:39s2025-12-02w2021-04-26yBK